Faculty of Law Library — Cairo University

Official Online Catalog

الاتهام في الجرائم الفكرية في القانون الامريكي : (Record no. 49229)

MARC details
000 -LEADER
fixed length control field 01388nam a2200337 i 4500
003 - CONTROL NUMBER IDENTIFIER
control field EG-GICUC
005 - DATE AND TIME OF LATEST TRANSACTION
control field 20260121101443.0
008 - FIXED-LENGTH DATA ELEMENTS--GENERAL INFORMATION
fixed length control field 251209s2005 ua ||||fr|||| 000 0 ara d
017 ## - COPYRIGHT OR LEGAL DEPOSIT NUMBER
Copyright or legal deposit number 2005/2156
020 ## - INTERNATIONAL STANDARD BOOK NUMBER
International Standard Book Number 977-5566-96-7
040 ## - CATALOGING SOURCE
Original cataloging agency EG-GICUC
Language of cataloging ara
Transcribing agency EG-GICUC
Modifying agency EG-GICUC
Description conventions rda
041 ## - LANGUAGE CODE
Language code of text/sound track or separate title ara
082 04 - DEWEY DECIMAL CLASSIFICATION NUMBER
Edition number 21
Classification number 343.46070
Item number ع م . ا
092 04 - LOCALLY ASSIGNED DEWEY CALL NUMBER (OCLC)
Edition number 21
099 ## - LOCAL FREE-TEXT CALL NUMBER (OCLC)
Classification number Law1 10 343.46070 ع م . ا 1 ed - 2005
245 12 - TITLE STATEMENT
Title الاتهام في الجرائم الفكرية في القانون الامريكي :
Remainder of title العدوان التقليدي والعدوان باستخدام الحاسوب والانترنت /
Statement of responsibility, etc. عمر محمد بن يونس.
250 ## - EDITION STATEMENT
Edition statement الطبعة الاولى
264 #1 - PRODUCTION, PUBLICATION, DISTRIBUTION, MANUFACTURE, AND COPYRIGHT NOTICE
Place of production, publication, distribution, manufacture القاهرة :
Name of producer, publisher, distributor, manufacturer دار النهضة العربية,
Date of production, publication, distribution, manufacture, or copyright notice 2005.
300 ## - PHYSICAL DESCRIPTION
Extent 272, xxxiv ؛صفحة
Dimensions 24 سم
336 ## - CONTENT TYPE
Source rda content
Content type term text
337 ## - MEDIA TYPE
Source rda media
Media type term Computer
338 ## - CARRIER TYPE
Source rda carrier
Carrier type term Online Resource
500 ## - GENERAL NOTE
General note يشتمل على ملاحق.
546 ## - LANGUAGE NOTE
Language note النص أغلبه باللغة العربية مع بعض النصوص الإنجليزية
650 14 - SUBJECT ADDED ENTRY--TOPICAL TERM
Topical term or geographic name entry element التشريعات المتعلقة بتقنية المعلومات
Source of heading or term qrmak
651 1# - SUBJECT ADDED ENTRY--GEOGRAPHIC NAME
Source of heading or term qrmak
700 ## - ADDED ENTRY--PERSONAL NAME
Personal name عمر محمد بن يونس
Relator term مترجم.
856 40 - ELECTRONIC LOCATION AND ACCESS
Uniform Resource Identifier <a href="https://fll.law.cu.edu.eg/fulltext/bks/B10-06974.pdf">https://fll.law.cu.edu.eg/fulltext/bks/B10-06974.pdf</a>
905 ## - Cataloger and Reviser Names
Cataloger Name: Hager Mohamed
Revisor Name: Hassnaa
942 ## - ADDED ENTRY ELEMENTS (KOHA)
Source of classification or shelving scheme Dewey Decimal Classification
Koha item type Books
Edition 21
Suppress in OPAC No
Holdings
Withdrawn status Lost status Source of classification or shelving scheme Damaged status Not for loan Collection Home library Current library Date acquired Total checkouts Full call number Barcode Date last seen Copy number Price effective from Koha item type
    Dewey Decimal Classification   Not for loan القانون الجنائي جــــامعة القــاهرة مكتبة كلية الحقوق - المبنى الرئيسي 09.12.2025   Law1 10 343.46070 ع م . ا 1 ed - 2005 1006974 C1 B10-06974 09.12.2025 1 09.12.2025 Books
    Dewey Decimal Classification     القانون الجنائي جــــامعة القــاهرة مكتبة كلية الحقوق - المبنى الرئيسي 09.12.2025   Law1 10 343.46070 ع م . ا 1 ed - 2005 1006975 C2 B10-06975 09.12.2025 2 09.12.2025 Books

© All rights reserved — Faculty of Law, Cairo University